000 00519nam a2200181Ia 4500
003 IN-BaIIA
008 211028s9999 xx 000 0 eng d
020 _a0-85229-417-4
040 _cIIA Library
080 _a058
_bBRI
110 _aEncyclopedia Britannica
_910946
245 0 _a1984 britannica book of the year
_cBritannica Book of the Year
260 _aChicago
_bBritannica
_c1984
300 _avi, 766p.
650 _aNASA Thesaurus
650 _aYear book
_911210
942 _cBK
999 _c7977
_d7977